000 00671cam a2200217 4500
001 ##J1715
008 090401t1993 xxu||||| |||| 00| 0 eng d
035 _a(Sirsi) u45157
041 0 _aeng
110 1 _aEurope
_bEuropean Communities Council
_92364
245 0 0 _aCouncil decision of 24 June 1993 for a monitoring mechanism of Community CO2 and other greenhouse gas emissions
260 _a[S.l.]
_b[s.n.]
_c1993
300 _a(2)p.
_c30cm.
350 _a0
490 0 _aEEC Decision
_v93/389/EEC
650 2 4 _aDECISION 93/389/EEC
651 4 _aEUROPE
690 _aENVIRONMENTAL AND LAND CONSULTANCY-ENVIRONMENTAL MANAGEMENT
942 _n0
948 _c04/03/1997
999 _c91650
_d91650